[Event "Bath TV-A"]
[Site "Bath"]
[Date "1983.??.??"]
[Round "?"]
[White "Browne, Walter S"]
[Black "Chandler, Murray G"]
[Result "1-0"]
[WhiteElo "2560"]
[BlackElo "2485"]

1.d4 d5 2.c4 e6 3.Nf3 c5 4.cxd5 exd5 5.Nc3 Nc6 6.g3 Nf6 7.Bg2 Be7 8.O-O O-O
9.dxc5 Bxc5 10.Bg5 d4 11.Bxf6 Qxf6 12.Nd5 Qd8 13.Nd2 Re8 14.Rc1 Bb6 15.Re1 Bg4
16.Nc4 Bc5 17.a3 a6 18.b4 Ba7 19.Qd2 Rc8 20.Qf4 Be6 21.Qd6 Bb8 22.Qxd8 Rcxd8
23.Ndb6 Ba7 24.Na4 Bxc4 25.Rxc4 d3 26.e3 Ne5 27.Rc7 b5 28.Rxa7 bxa4 29.Rc7 Rc8
30.Rc5 g5 31.Rd1 g4 32.Bb7 Rxc5 33.bxc5 a5 34.Be4 Rc8 35.c6 h5 36.Kf1 Kf8
37.Ke1 Ke7 38.Rc1 Kd6 39.Kd2 Rb8 40.c7 Rc8 41.Bxd3 Rxc7 42.Rxc7 Kxc7 43.Kc3 Kc6
44.Kd4 Kd6 45.Be4 f6 46.Bg2 Ke6 47.h4 f5 48.Bb7 Kd6 49.Bd5 Nd7 50.e4 fxe4
51.Bxe4 Ne5 52.Bd5 Nd3 53.f4 Nc1 54.Bc4 Nb3+ 55.Kc3 Nc5 56.Bd3 Ke7 57.Kd4 Nb3+
58.Ke5 Kf7 59.Kf5 Nc5 60.Bb1 Nd7 61.Kg5 Nf6 62.Bf5 Kg7 63.Bg6 Nd5 64.Bxh5 Nc3
65.Kxg4 Nb5 66.Be8 Nxa3 67.Bxa4 Nc4 68.Kg5 Nb2 69.Bb3 a4 70.Ba2 Nd3 71.h5 Nf2
72.h6+ Kh8 73.f5 a3 74.f6 Ne4+ 75.Kg6 Nc5 76.g4 Nd7 77.g5 Nf8+ 78.Kf7 Ng6
79.Bb1 Ne5+ 80.Ke6 Ng6 81.Bxg6  1-0

[Event "New York op"]
[Site "New York"]
[Date "1985.??.??"]
[Round "3"]
[White "Browne, Walter S"]
[Black "Schroer, Jonathan"]
[Result "1/2-1/2"]
[WhiteElo "2530"]
[BlackElo "2365"]

1.d4 Nf6 2.c4 e6 3.Nf3 d5 4.Nc3 Be7 5.Bg5 O-O 6.e3 h6 7.Bxf6 Bxf6 8.Qc2 c6
9.O-O-O Qa5 10.h4 g6 11.h5 g5 12.Ne5 c5 13.cxd5 cxd4 14.exd4 exd5 15.Nxd5 Qxd5
16.Bc4 Qd8 17.Nxf7 Rxf7 18.Qg6+ Kh8 19.Bxf7 Bg7 20.Rhe1 Bd7 21.Bb3 Nc6 22.Bc2 Qg8
23.Bb3 Qd8 24.Bc2 Qg8 25.Bb3  1/2-1/2

[Event "New York op"]
[Site "New York"]
[Date "1985.??.??"]
[Round "5"]
[White "Browne, Walter S"]
[Black "Bass, Leonid"]
[Result "1/2-1/2"]
[WhiteElo "2530"]
[BlackElo "2430"]

1.d4 Nf6 2.c4 e6 3.Nf3 d5 4.Nc3 Be7 5.Bg5 O-O 6.e3 Nbd7 7.Qc2 c5 8.O-O-O cxd4
9.Nxd4 dxc4 10.Bxc4 a6 11.Be2 Qc7 12.Bf3 Re8 13.Kb1 Nb6 14.Rc1 Qc5 15.Bh4 Nbd7
16.Bg3 e5 17.Nb3 Qb4 18.Rhd1 Bf8 19.a3 Qb6 20.Na4 Qb5 21.Nc3 Qb6 22.Bd5 Rb8
23.e4 Nh5 24.Na4 Qb5 25.Nc3 Qb6 26.Na4  1/2-1/2

[Event "New York op"]
[Site "New York"]
[Date "1986.??.??"]
[Round "?"]
[White "Perenyi, Bela"]
[Black "Browne, Walter S"]
[Result "1/2-1/2"]
[WhiteElo "2415"]
[BlackElo "2510"]

1.e4 c5 2.Nf3 d6 3.d4 cxd4 4.Nxd4 Nf6 5.Nc3 a6 6.Bg5 e6 7.f4 Be7 8.Qf3 Qc7
9.O-O-O Nbd7 10.g4 b5 11.Bxf6 Nxf6 12.g5 Nd7 13.f5 Nc5 14.f6 gxf6 15.gxf6 Bf8
16.Rg1 Bd7 17.Rg7 Bxg7 18.fxg7 Rg8 19.e5 O-O-O 20.exd6 Qb7 21.Qxf7 b4 22.Nce2 Qd5
23.Nb3 Nxb3+ 24.axb3 Qg5+ 25.Kb1 Rxg7 26.Qf2 Bb5 27.Nf4 Rf7 28.Bxb5 axb5
29.Qb6 Qxf4 30.Qc6+ Kb8 31.Qb6+ Kc8 32.Qc6+ Kb8  1/2-1/2

[Event "USA-op"]
[Site "Los Angeles"]
[Date "1987.??.??"]
[Round "5"]
[White "Clemance, Philip A"]
[Black "Browne, Walter S"]
[Result "0-1"]
[WhiteElo "2290"]
[BlackElo "2505"]

1.e4 c5 2.Nf3 d6 3.d4 cxd4 4.Nxd4 Nf6 5.Nc3 a6 6.f4 e5 7.Nf3 Nbd7 8.Bd3 Be7
9.O-O O-O 10.Qe1 Re8 11.Kh1 b5 12.Nh4 b4 13.Nd1 Nc5 14.fxe5 dxe5 15.Nf2 Nxd3
16.cxd3 Bc5 17.Be3 Bd4 18.Qd2 a5 19.Nf3 Bxe3 20.Qxe3 Bg4 21.Rac1 Bxf3 22.gxf3 Nh5
23.Rc4 Ra6 24.Rg1 Rg6 25.Ng4 Nf4 26.d4 h5 27.Nxe5 Rxg1+ 28.Qxg1 Rxe5 29.dxe5 Qd3
30.Rc8+ Kh7  0-1

[Event "USA-op"]
[Site "Los Angeles"]
[Date "1987.??.??"]
[Round "6"]
[White "Browne, Walter S"]
[Black "Gurevich, Dmitry"]
[Result "1-0"]
[WhiteElo "2505"]
[BlackElo "2545"]

1.d4 Nf6 2.c4 e6 3.Nf3 c5 4.d5 exd5 5.cxd5 d6 6.Nc3 g6 7.Bf4 a6 8.a4 Qe7
9.h3 Nbd7 10.Nd2 Ne5 11.Bxe5 Qxe5 12.Nc4 Qe7 13.Qd2 h5 14.Qf4 Bf5 15.e3 Rd8
16.Be2 Ne4 17.O-O Bh6 18.Qh2 Bg7 19.Nxe4 Bxe4 20.Rfd1 g5 21.a5 g4 22.Rac1 Rh6
23.hxg4 hxg4 24.Qg3 f5 25.f3 Bf6 26.fxe4 Qh7 27.Nxd6+ Rxd6 28.Qxd6 Rh1+ 29.Kf2 Rh2
30.Qe6+ Be7 31.Qc8+ Bd8 32.Qe6+ Be7 33.Bf1 Qh4+ 34.Ke2 Qg3 35.d6 Qf3+ 36.Kd3  1-0

[Event "New York op"]
[Site "New York"]
[Date "1987.??.??"]
[Round "?"]
[White "Zueger, Beat"]
[Black "Browne, Walter S"]
[Result "0-1"]
[WhiteElo "2405"]
[BlackElo "2495"]

1.c4 e5 2.Nc3 Nc6 3.g3 g6 4.Bg2 Bg7 5.Rb1 a5 6.d3 f5 7.Nf3 Nf6 8.Nd5 d6 9.Bg5 h6
10.Bxf6 Bxf6 11.a3 O-O 12.b4 axb4 13.axb4 Bg7 14.b5 Ne7 15.Nd2 Kh8 16.Nxe7 Qxe7
17.Qc2 h5 18.h4 e4 19.dxe4 f4 20.Bf3 fxg3 21.fxg3 Qe5 22.Kf2 Be6 23.Kg2 Ra3
24.Rb3 Rfa8 25.Rhb1 Ra2 26.Qd3 R8a4 27.Rc1 Bh6 28.Rc2 Kh7 29.Rxa2 Rxa2 30.Nb1 Qc5
31.Rc3 Rb2 32.Na3 Bg7 33.Rb3 Ra2 34.e5 Qxe5 35.Qe4 b6 36.Qxe5 Bxe5 37.Bd5 Bxd5+
38.cxd5 Rxe2+ 39.Kf3 Rd2  0-1

[Event "New York op"]
[Site "New York"]
[Date "1987.??.??"]
[Round "?"]
[White "Spraggett, Kevin"]
[Black "Browne, Walter S"]
[Result "1-0"]
[WhiteElo "2550"]
[BlackElo "2495"]

1.d4 Nf6 2.Nf3 e6 3.c4 b6 4.g3 Ba6 5.b3 Bb4+ 6.Bd2 Be7 7.Nc3 O-O 8.e4 d5
9.cxd5 Bxf1 10.Kxf1 exd5 11.e5 Ne4 12.Qe2 Nxc3 13.Bxc3 Qd7 14.Kg2 Nc6 15.Rhe1 Nd8
16.Ng1 Ne6 17.f4 g6 18.Nf3 Rae8 19.Rad1 f5 20.Rc1 a5 21.Kh1 Ra8 22.Red1 Rfd8
23.Rc2 c5 24.a4 Rdc8 25.dxc5 bxc5 26.Be1 Qb7 27.Qd3 d4 28.Kg2 Rab8 29.Rb1 Qe4
30.Qc4 Rc6 31.Rd1 Rcb6 32.Rd3 Ra8 33.h4 h6 34.Kf2 g5 35.Re2 Qb7 36.hxg5 hxg5
37.fxg5 Kg7 38.Bd2 Rb8 39.Bxa5 Rxb3 40.Qxe6 Rxd3 41.Qh6+ Kg8 42.Qg6+ Kh8
43.Kg1 Qb1+ 44.Be1 Rb2 45.Qh6+  1-0

[Event "New York op"]
[Site "New York"]
[Date "1987.??.??"]
[Round "?"]
[White "Browne, Walter S"]
[Black "Barua, Dibyendu"]
[Result "1-0"]
[WhiteElo "2495"]
[BlackElo "2450"]

1.d4 d5 2.c4 dxc4 3.Nc3 c5 4.d5 a6 5.a4 e5 6.Nf3 Bd6 7.Nd2 f5 8.Nxc4 Nf6
9.g3 O-O 10.Bg2 Ne8 11.O-O Nd7 12.a5 Qf6 13.b3 e4 14.Bb2 Qh6 15.Qc1 Qh5 16.Nxd6 Nxd6
17.Qf4 Qg6 18.Rac1 b5 19.axb6 Nxb6 20.Ba3 Nb7 21.f3 exf3 22.Bxf3 Bd7 23.d6 Rab8
24.Bxb7 Rxb7 25.Bxc5 Qe6 26.Qd4 Nc8 27.b4 Bc6 28.e4 f4 29.Nd5 Rd7 30.Rxf4 Rxf4
31.Nxf4 Qxe4 32.Qxe4 Bxe4 33.Re1 Bb7 34.h4 h5 35.Kh2 Kh7 36.Ne6 Kg8 37.Ng5 Kf8
38.Nh7+ Kf7 39.Rf1+ Kg8 40.Nf8 Rxd6 41.Bxd6 Nxd6 42.Ne6 Ne4 43.Rf8+ Kh7 44.Rf7  1-0

[Event "New York op"]
[Site "New York"]
[Date "1987.??.??"]
[Round "?"]
[White "Browne, Walter S"]
[Black "Abramovic, Bosko"]
[Result "1/2-1/2"]
[WhiteElo "2495"]
[BlackElo "2420"]

1.d4 d5 2.c4 e6 3.Nc3 Be7 4.Nf3 Nf6 5.Bg5 h6 6.Bxf6 Bxf6 7.e3 O-O 8.Rc1 c6
9.Bd3 Nd7 10.O-O dxc4 11.Bxc4 e5 12.h3 exd4 13.exd4 Re8 14.Qb3 Rf8 15.Qc2 Nb6
16.Bb3 Bxd4 17.Rcd1 c5 18.Nb5 Bd7 19.Nbxd4 cxd4 20.Rxd4 Qc8 21.Qd2 Be6 22.Rc1 Qb8
23.Bxe6 fxe6 24.Qe2 Rf6 25.Ne5 Qe8 26.Re1 Rc8 27.Qe4 Qe7 28.Ng4 Rff8 29.Qg6 Kh8
30.Rde4 Qe8 31.Qxe6 Qxe6 32.Rxe6 Rc2 33.R6e2 Rfc8 34.Ne3 Rxe2 35.Rxe2 Rc1+
36.Kh2 Na4 37.Rd2 b5 38.Kg3 b4 39.Kf3 Ra1 40.Nd5 Rxa2 41.Nxb4 Rxb2 42.Rd8+ Kh7
43.Nc6 a6 44.Nd4 Rb6 45.Ke4 a5 46.Rc8 Rb4 47.Ra8  1/2-1/2

[Event "Philadelphia op"]
[Site "Philadelphia"]
[Date "1987.??.??"]
[Round "?"]
[White "Browne, Walter S"]
[Black "Glueck, David"]
[Result "1-0"]
[WhiteElo "2495"]
[BlackElo "2345"]

1.d4 Nf6 2.c4 e6 3.Nf3 d5 4.Nc3 Be7 5.Bg5 O-O 6.e3 Nbd7 7.Qc2 a6 8.cxd5 exd5
9.Bd3 Re8 10.O-O Nf8 11.Rae1 Be6 12.Ne5 N6d7 13.Bxe7 Rxe7 14.f4 f6 15.Nf3 c6
16.f5 Bf7 17.g4 Qc7 18.Qf2 Rae8 19.Kh1 c5 20.Rg1 cxd4 21.Nxd4 Ne5 22.Be2 h6
23.h4 Nh7 24.Qg2 Qd6 25.Rd1 Qc5 26.Nc2 Rd7 27.Rd2 Nc6 28.Bf3 Red8 29.Rgd1 Ne5
30.Bxd5 Bxd5 31.Rxd5 Rxd5 32.Nxd5 Rd7 33.Rd4 Nc6 34.b4 Qf8 35.Rd1 Qd8 36.e4 Qb8
37.Nce3 b5 38.Qc2 Ne5 39.Kg2 Nf8 40.Nc3 Rc7 41.Qb3+ Kh8 42.g5 Nc4 43.Ncd5 Rc8
44.Nxc4 Rxc4 45.gxf6 gxf6 46.Qb2 Rxe4 47.Qxf6+ Kh7 48.Qf7+ Kh8 49.Qf6+ Kh7
50.Qf7+ Kh8 51.Nf6 Re2+ 52.Kf3 Rf2+ 53.Kxf2 Qh2+ 54.Ke3 Qg3+ 55.Ke2 Qh2+
56.Kd3 Qg3+ 57.Kc2 Qf2+ 58.Rd2 Qxf5+ 59.Kc1  1-0

[Event "Philadelphia op"]
[Site "Philadelphia"]
[Date "1987.??.??"]
[Round "?"]
[White "Browne, Walter S"]
[Black "Meyer, E."]
[Result "1/2-1/2"]
[WhiteElo "2495"]
[BlackElo "2450"]

1.d4 Nf6 2.c4 g6 3.Nc3 Bg7 4.e4 d6 5.f3 O-O 6.Be3 Nbd7 7.Nh3 c6 8.Be2 a6
9.a4 a5 10.Nf2 e5 11.d5 Nc5 12.g4 Qe7 13.h4 Ne8 14.Nd3 Nxd3+ 15.Qxd3 f5 16.O-O-O f4
17.Bf2 c5 18.g5 h5 19.gxh6 Bxh6 20.Rdg1 Kh7 21.Bf1 Nf6 22.Bh3 Bxh3 23.Rxh3 Nh5
24.Qf1 Rg8 25.Kc2 Qd7 26.Nb5 Rae8 27.Rhh1 Re7 28.Qg2 b6 29.Qg4 Nf6 30.Qg2 Rf7
31.Be1 Nh5 32.Qg4 Re7 33.Rh2 Nf6 34.Qg2 Nh5 35.Rh3 Qd8 36.b3 Qd7 37.Nc3 Rf7
38.Nd1 Re7 39.Nf2 Qe8 40.Rh2 Rgg7 41.Nh3 Kg8 42.Qh1 Qd7 43.Rhg2 Kh7 44.Rg4 Qe8
45.Qh2 Qd7 46.Qg2 Qe8 47.Ng5+ Bxg5 48.Rxg5 Qf7 49.Qh3 Qe8 50.Qg4 Nf6 51.Qg2 Nh5
52.Bc3 Qf7  1/2-1/2

[Event "Philadelphia op"]
[Site "Philadelphia"]
[Date "1987.??.??"]
[Round "?"]
[White "Browne, Walter S"]
[Black "Raicevic, Vladimir"]
[Result "1-0"]
[WhiteElo "2495"]
[BlackElo "2455"]

1.d4 Nf6 2.c4 e6 3.Nf3 d5 4.Nc3 Nbd7 5.cxd5 exd5 6.Bg5 c6 7.e3 Bd6 8.Bd3 Nf8
9.Qc2 Ng6 10.h3 h6 11.Bxg6 hxg5 12.Nxg5 fxg6 13.Qxg6+ Kd7 14.Nf7 Qf8 15.Nxh8 Qxh8
16.O-O Ke7 17.e4 dxe4 18.Nxe4 Qh6 19.Qxh6 gxh6 20.Nxd6 Kxd6 21.Rfe1 Be6 22.Re3 Rg8
23.Kh2 Bd5 24.f3 h5 25.Re5 Rg6 26.h4 Rg7 27.a3 a5 28.Rae1 a4 29.Rg5 Rf7 30.Ree5 Be6
31.Rg6 b5 32.Kg3 Rf8 33.Kh2 Ke7 34.g4 hxg4 35.fxg4 Rg8 36.Rxg8 Nxg8 37.g5 Kf7
38.Kg3 Ne7 39.h5 Bb3 40.Re4 Bc2 41.Rf4+ Bf5 42.Rf2 Ke6 43.Re2+ Kf7 44.Kf4 Bd3
45.Rf2 Ke6 46.g6 Kf6 47.Kg4+ Bf5+ 48.Kh4 Ng8 49.Rf1 Nh6 50.Rf4 Ng8 51.Rf2 Ne7
52.Rf3 Ng8 53.Re3 Be6 54.Rxe6+ Kxe6 55.Kg5  1-0

[Event "San Francisco"]
[Site "San Francisco"]
[Date "1987.??.??"]
[Round "?"]
[White "Browne, Walter S"]
[Black "Leski, Marc"]
[Result "1-0"]
[WhiteElo "2505"]
[BlackElo "2390"]

1.d4 d5 2.c4 e6 3.Nf3 c5 4.cxd5 exd5 5.Nc3 Nc6 6.g3 Nf6 7.Bg2 Be7 8.O-O O-O
9.Bg5 cxd4 10.Nxd4 h6 11.Be3 Re8 12.Rc1 Bf8 13.Nxc6 bxc6 14.Na4 Bd7 15.Bc5 Bxc5
16.Nxc5 Bf5 17.e3 Rb8 18.Qd2 Qb6 19.b3 Ne4 20.Qd4 Qa5 21.Qa4 Rb5 22.Qxa5 Rxa5
23.Bxe4 Bxe4 24.a4 Rb8 25.f3  1-0

[Event "San Francisco"]
[Site "San Francisco"]
[Date "1987.??.??"]
[Round "?"]
[White "Spraggett, Kevin"]
[Black "Browne, Walter S"]
[Result "1/2-1/2"]
[WhiteElo "2570"]
[BlackElo "2505"]

1.d4 Nf6 2.c4 e6 3.Nf3 b6 4.g3 Ba6 5.b3 Bb4+ 6.Bd2 Be7 7.Nc3 O-O 8.e4 d5
9.cxd5 Bxf1 10.Kxf1 exd5 11.e5 Ne4 12.Qe2 Nxc3 13.Bxc3 Qd7 14.Kg2 Nc6 15.Rhe1 Nd8
16.Ng1 Ne6 17.f4 g6 18.Nf3 Rae8 19.b4 c6 20.Rac1 f5 21.Red1 h6 22.Qb2 g5
23.Bd2 Rc8 24.Be3 g4 25.Ng1 Kh7 26.Ne2 b5 27.Rh1 Kg6 28.h3 h5 29.Rh2 Rh8
30.Rch1 Kg7 31.Nc1 Rcg8 32.Nd3 Qe8 33.Qa3 Qa8 34.Nf2 Kf7 35.hxg4 hxg4 36.Rxh8 Rxh8
37.Rxh8 Qxh8 38.Qxa7 Qc8 39.Qa3 Nc7 40.Qd3 Bxb4 41.Nxg4 fxg4 42.Qh7+ Ke8
43.Qg6+ Kd8 44.f5 Qa8 45.Qg8+ Ne8 46.a3 Qxa3 47.Bg5+ Be7 48.Bxe7+ Kxe7 49.Qxg4 Qb2+
50.Kh3 Qb1 51.f6+ Kf8 52.Qd7 Qh1+ 53.Kg4 Qe4+ 54.Kh3 Qh1+ 55.Kg4 Qe4+ 56.Kh3  1/2-1/2

[Event "San Francisco"]
[Site "San Francisco"]
[Date "1987.??.??"]
[Round "?"]
[White "Gurevich, Dmitry"]
[Black "Browne, Walter S"]
[Result "0-1"]
[WhiteElo "2545"]
[BlackElo "2505"]

1.d4 Nf6 2.c4 e6 3.Nf3 b6 4.g3 Ba6 5.b3 Bb7 6.Bg2 Bb4+ 7.Bd2 a5 8.O-O O-O
9.Bc3 Ne4 10.Bb2 d5 11.c5 Qf6 12.Ne5 bxc5 13.a3 cxd4 14.Ng4 Qg5 15.axb4 Nc3
16.Nxc3 dxc3 17.Bxc3 Qxg4 18.bxa5 c5 19.Ra4 Qg6 20.e3 f6 21.b4 Bc6 22.Ra3 cxb4
23.Bxb4 Rc8 24.Rc3 Na6 25.Ba3 Qe8 26.Qd2 Nc7 27.Bb2 Nb5 28.Rc5 Nd6 29.Ra1 Bb7
30.Qb4 Rxc5 31.Qxc5 Nc4 32.Bc3 Qc8 33.Qb4 Qc6 34.h4 Ba6 35.Rb1 Rc8 36.Bd4 h6
37.Qe7 Re8 38.Qa7 Rc8 39.Bh3 Nd2 40.Rb6 Nf3+ 41.Kg2 Ne1+ 42.Kh1 Qc2 43.Qxa6 Qe4+
44.f3 Qxf3+ 45.Kg1 Qxg3+ 46.Kf1 Qxh3+ 47.Kxe1 Qh1+ 48.Kd2 Qc1+ 49.Ke2 Rc2+
50.Kf3  0-1

[Event "US op"]
[Site "?"]
[Date "1987.??.??"]
[Round "9"]
[White "Lindsay, Fred"]
[Black "Browne, Walter S"]
[Result "0-1"]
[WhiteElo "2245"]
[BlackElo "2495"]

1.c4 e5 2.Nc3 Nc6 3.Nf3 f5 4.d4 e4 5.d5 exf3 6.dxc6 bxc6 7.exf3 Bd6 8.Be2 Nf6
9.Qd3 f4 10.Ne4 Nxe4 11.Qxe4+ Qe7 12.c5 Qxe4 13.fxe4 Bxc5 14.Bxf4 O-O 15.Bg3 Re8
16.Bd3 d5 17.O-O dxe4 18.Bc4+ Be6 19.Bxe6+ Rxe6 20.Bxc7 Bd4 21.Rab1 e3 22.fxe3 Rxe3
23.Kh1 Re2 24.b4 Rc8 25.Rbd1 Bf6 26.Rd7 Rxa2 27.h3 Re8 28.Rd6 Rc2 29.Rd3 c5
30.b5 Rb2 31.Ra3 Rxb5 32.Rxa7 c4 33.Bd6 Rb6 34.Ba3 Rc6 35.g4 h6 36.Kg2 c3
37.Bc1 c2 38.Ra2 Rd8 39.Kf3 Rd1 40.Ke2 Re6+ 41.Kf2 Bh4+ 42.Kg2 Rxf1  0-1

[Event "US op"]
[Site "?"]
[Date "1987.??.??"]
[Round "10"]
[White "Bisguier, Arthur Bernard"]
[Black "Browne, Walter S"]
[Result "1/2-1/2"]
[WhiteElo "2420"]
[BlackElo "2495"]

1.d4 Nf6 2.Nf3 e6 3.e3 b6 4.Bd3 Bb7 5.O-O d5 6.b3 Bd6 7.Bb2 O-O 8.Nbd2 c5
9.dxc5 Bxc5 10.c4 dxc4 11.Bxc4 Nbd7 12.Qe2  1/2-1/2

[Event "US op"]
[Site "Boston"]
[Date "1988.??.??"]
[Round "?"]
[White "Browne, Walter S"]
[Black "Lein, Anatoly"]
[Result "1/2-1/2"]
[WhiteElo "2530"]
[BlackElo "2475"]

1.d4 d5 2.c4 e6 3.Nc3 Be7 4.Nf3 Nf6 5.cxd5 exd5 6.Bg5 c6 7.Qc2 Nbd7 8.e3 O-O
9.Bd3 Re8 10.O-O Nf8 11.Ne5 Ng4 12.Bxe7 Rxe7 13.Nxg4 Bxg4 14.b4 Rc8 15.Na4 Bh5
16.Rfc1 Bg6 17.Nc5 Rec7 18.Bxg6 Nxg6 19.Qf5 Nf8 20.Rc3 a6 21.a4 Nd7 22.Nxd7 Qxd7
23.Qxd7 Rxd7 24.b5 axb5 25.axb5 Kf8 26.bxc6 bxc6 27.Ra6 Rdc7 28.g4 Ke7 29.Rc5 Kd6
30.Kg2 f6 31.h4 g6 32.Kg3 Re8 33.Rc3 Rh8 34.Kf4 f5 35.g5 Rb8 36.f3 Rb1 37.h5 Rh1
38.hxg6 hxg6 39.Ra8 Rh4+ 40.Kg3 Rh5 41.Rd8+ Rd7 42.Rf8 Ke7 43.Rc8 Rxg5+ 44.Kf4 Rh5
45.R3xc6 Kf7 46.Ra6 Re7 47.Rcc6 Rh4+ 48.Kg3 Rh6 49.Rf6+ Kg7 50.Rfe6 Rxe6
51.Rxe6 g5 52.Re5 Kf6 53.Rxd5 Rh4 54.Kg2 g4 55.f4 Rh8 56.Rd6+ Kf7 57.Rd5 Kf6
58.Ra5 Re8 59.Ra6+ Kf7 60.Ra3 Rh8 61.Rd3 Ke6 62.d5+ Kd6 63.Kg3 Rh1 64.Kg2 Rh3
65.Kf2 Rh2+ 66.Kg3 Rh3+ 67.Kf2 Rh2+ 68.Kf1 Rh1+ 69.Kg2 Rh3 70.Kf1 Rh1+ 71.Ke2 Rh2+
72.Kf1  1/2-1/2

[Event "New York op"]
[Site "New York"]
[Date "1988.??.??"]
[Round "?"]
[White "Groszpeter, Attila"]
[Black "Browne, Walter S"]
[Result "1/2-1/2"]
[WhiteElo "2495"]
[BlackElo "2530"]

1.d4 Nf6 2.c4 e6 3.Nc3 Bb4 4.e3 c5 5.Bd3 Nc6 6.Ne2 cxd4 7.exd4 d5 8.cxd5 Nxd5
9.O-O O-O 10.a3 Bd6 11.Bc2 Nxc3 12.bxc3 e5 13.Qd3 g6 14.Qf3 Qh4 15.g3 Qh3
16.Be4 Bg4 17.Qd3 Bxe2 18.Qxe2 exd4 19.Bxc6 bxc6 20.cxd4 Rfc8 21.Qf3 Rab8
22.a4  1/2-1/2

[Event "New York op"]
[Site "New York"]
[Date "1988.??.??"]
[Round "?"]
[White "Browne, Walter S"]
[Black "Foisor, Ovidiu"]
[Result "1/2-1/2"]
[WhiteElo "2530"]
[BlackElo "2495"]

1.d4 Nf6 2.c4 e6 3.Nf3 c5 4.d5 d6 5.Nc3 exd5 6.cxd5 g6 7.Bf4 a6 8.a4 Bg7
9.e4 Bg4 10.Be2 Bxf3 11.Bxf3 O-O 12.O-O Qe7 13.Re1 Nbd7 14.Qd2 Rfe8 15.a5 Rac8
16.Na4 h5 17.h3 Nh7 18.Rac1 Qf6 19.Rc4 g5 20.Bh2 Qg6 21.Bd1 Bd4 22.Bc2 Ne5
23.Bxe5 Rxe5 24.Nb6 Rce8 25.Rxd4 cxd4 26.Nc4 g4 27.Nxe5 dxe5 28.h4 Rc8 29.Bd3 Qf6
30.Qb4 Rc7 31.g3 Qd8 32.Qb6 Nf6 33.Kg2 Kg7 34.Re2 Qd7 35.Qb4 Ne8 36.Rc2 Rxc2
37.Bxc2 Qc7 38.Bd3 Nd6 39.Qd2 f6 40.Qb4 Kf7 41.Qd2 Kg7 42.Qb4 Kf7 43.Qd2  1/2-1/2

[Event "World op"]
[Site "Philadelphia"]
[Date "1988.??.??"]
[Round "?"]
[White "Browne, Walter S"]
[Black "Kutschenko, Roland"]
[Result "1-0"]
[WhiteElo "2530"]
[BlackElo "2305"]

1.d4 Nf6 2.c4 e5 3.dxe5 Ne4 4.Nf3 Bb4+ 5.Bd2 Nxd2 6.Nbxd2 Nc6 7.a3 Bxd2+
8.Qxd2 Qe7 9.Qc3 b6 10.g3 Bb7 11.Bh3 O-O-O 12.O-O-O g5 13.Rxd7 Rxd7 14.Bxd7+ Kb8
15.Rd1 Rd8 16.Bxc6 Rxd1+ 17.Kxd1 Bxc6 18.Nd4 Bb7 19.f4 g4 20.Ke1 a6 21.c5 b5
22.c6 Bc8 23.b4 f6 24.e6 Qe8 25.Qe3  1-0

[Event "Reykjavik op"]
[Site "Reykjavik"]
[Date "1988.??.??"]
[Round "?"]
[White "Browne, Walter S"]
[Black "Polgar, Zsuzsa"]
[Result "1/2-1/2"]
[WhiteElo "2530"]
[BlackElo "2475"]

1.d4 Nf6 2.c4 e6 3.Nf3 d5 4.Nc3 dxc4 5.e4 Bb4 6.Bg5 c5 7.e5 cxd4 8.Nxd4 Qa5
9.exf6 Bxc3+ 10.bxc3 Qxg5 11.fxg7 Rg8 12.g3 Qd5 13.Rg1 Rxg7 14.Qe2 Nd7 15.Qxc4 Qxc4
16.Bxc4 Nb6 17.Bb5+ Bd7 18.Bxd7+ Kxd7 19.O-O-O Ke7 20.f4 Rc8 21.Rd3 Rgg8
22.Re1 Rc5 23.f5 Rgc8 24.fxe6 Rxc3+ 25.Rxc3 Rxc3+ 26.Kd2 Rc5 27.exf7+ Kxf7
28.Rc1 Nc4+ 29.Ke2 b5 30.Nxb5 Rxb5 31.Rxc4  1/2-1/2

[Event "Lugano op"]
[Site "Lugano"]
[Date "1989.??.??"]
[Round "3"]
[White "Lev, Ronen"]
[Black "Browne, Walter S"]
[Result "1/2-1/2"]
[WhiteElo "2415"]
[BlackElo "2535"]

1.d4 Nf6 2.c4 e6 3.Nc3 Bb4 4.Qc2 O-O 5.a3 Bxc3+ 6.Qxc3 b6 7.Nf3 Bb7 8.g3 c5
9.dxc5 bxc5 10.Bg2 d6 11.O-O a5 12.b3 Qb6 13.Rd1 Nbd7 14.Bf4 e5 15.Be3 Rfb8
16.Rab1 Qc7 17.a4 Nf8 18.Ne1 Ne6 19.Qd3 Bxg2 20.Nxg2 Ra6 21.Ne1 Nd4 22.Bxd4 cxd4
23.Nc2 Qc5 24.e3 dxe3 25.Qxe3 Qxe3 26.Nxe3 Ne4 27.Nd5 Rb7 28.Rb2 f6 29.f3 Nc5
30.Rdb1 Nd3 31.Rd2 Nc5 32.Rdb2 Ra8 33.Nc3 Rd8 34.Kf1 Kf7 35.Ke2 Ke6 36.Kd2 Na6
37.Rd1 Nb4 38.Kc1 d5 39.cxd5+ Nxd5 40.Nxd5 Rxd5 41.Rxd5 Kxd5 42.Rd2+ Ke6
43.Kb2 Rb8 44.Rc2 Kd6 45.Rd2+ Ke6 46.Rc2 Rd8 47.Rc5 Rd5 48.Rc6+ Rd6 49.Rc5 Rd5
50.Rc6+ Kd7 51.Ra6 f5 52.Ra7+ Ke6 53.Ra6+ Kd7 54.Ra7+ Ke6 55.Ra6+ Kd7  1/2-1/2

[Event "Lugano op"]
[Site "Lugano"]
[Date "1989.??.??"]
[Round "5"]
[White "Kovacevic, Sinisa"]
[Black "Browne, Walter S"]
[Result "0-1"]
[WhiteElo "2450"]
[BlackElo "2535"]

1.d4 Nf6 2.Nf3 e6 3.Bf4 c5 4.e3 Qb6 5.Qc1 Nc6 6.c3 Nh5 7.Bg5 h6 8.Bh4 g5
9.Bg3 Nxg3 10.hxg3 Bg7 11.g4 d5 12.Be2 e5 13.dxc5 Qxc5 14.Nh2 d4 15.Nf1 Be6
16.Ng3 O-O-O 17.O-O dxe3 18.Qxe3 Qxe3 19.fxe3 Bf8 20.Ne4 Bd6 21.Nxd6+ Rxd6
22.e4 a6 23.Kf2 Kc7 24.Ke3 Rhd8 25.Rf6 Na5 26.b3 b5 27.Rxh6 Rc6 28.Rh1 Kb6
29.Rd1 Rh8 30.Kf2 Nb7 31.Bf3 Rh6 32.Kg3 Rf6 33.Rd3 Nc5 34.Rd1 Nb7 35.Rd3 Nc5
36.Rd1 Nd7 37.Rd3 Rf4 38.Nd2 Nf6 39.a4 Bxg4 40.axb5 axb5 41.Ra8 Kb7 42.Ra5 Kb6
43.Ra8 Bc8 44.Rb8+ Bb7 45.c4 g4 46.Bd1 b4 47.Bc2 Kc7 48.Rf8 Nh5+ 49.Kh4 Ng7
50.Rh8 Rg6 51.Kg3 Ne6 52.Rh5 Rg5 53.Rxg5 Nxg5 54.Re3 Kd6 55.Re2 Kc5 56.Kh4 Ne6
57.g3 Rf6 58.Bd1 Bc8 59.Re1 Nc7 60.Rf1 Rh6+ 61.Kg5 Rg6+ 62.Kh4 f6 63.Rf5 Bxf5  0-1

[Event "Lugano op"]
[Site "Lugano"]
[Date "1989.??.??"]
[Round "6"]
[White "Browne, Walter S"]
[Black "King, Daniel J"]
[Result "1/2-1/2"]
[WhiteElo "2535"]
[BlackElo "2500"]

1.d4 e6 2.c4 Bb4+ 3.Nd2 c5 4.a3 Bxd2+ 5.Qxd2 cxd4 6.Nf3 Nf6 7.Nxd4 O-O 8.e3 d5
9.cxd5 Qxd5 10.Nb5 Nc6 11.Nc7 Qxd2+ 12.Bxd2 Rb8 13.f3 a6 14.b4 Rd8 15.Rc1 Ne5
16.Bc3 Nd3+ 17.Bxd3 Rxd3 18.Ke2 Rd8 19.Be5 Bd7 20.e4 Rbc8 21.Ke3 Ba4 22.Rc3 Ne8
23.Rhc1 Nxc7 24.Bxc7 Rd7 25.Bd6 Rxc3+ 26.Rxc3 Bc6 27.e5 f6 28.Kd4 fxe5+ 29.Kxe5 Kf7
30.Rc4 Bd5 31.Rf4+ Kg6 32.Rg4+ Kf7 33.Rf4+ Kg6 34.Rg4+ Kf7 35.h4 h6 36.Rf4+ Kg6
37.g4 h5 38.Rf8 b6 39.gxh5+ Kh7 40.f4 Bb3 41.Rb8 b5 42.Ra8 Rf7 43.Kd4 Rf5
44.Be5 Rxh5 45.Ra7 Rxh4 46.Rxg7+ Kh6 47.Ra7 Kg6 48.Rxa6 Kf5 49.Ra7 Rh1 50.Rf7+ Kg4
51.Rg7+ Kf3 52.f5 Rd1+ 53.Kc3 Ke4 54.Kxb3 Kxe5 55.fxe6 Rd3+ 56.Kc2 Rxa3 57.e7 Ra8
58.Rg5+ Kd6 59.Rxb5 Kxe7 60.Kb3 Kd7 61.Rc5 Rc8 62.Rxc8 Kxc8 63.Ka4 Kb8  1/2-1/2

[Event "New York op"]
[Site "New York"]
[Date "1989.??.??"]
[Round "7"]
[White "Browne, Walter S"]
[Black "Gufeld, Eduard"]
[Result "0-1"]
[WhiteElo "2535"]
[BlackElo "2490"]

1.d4 Nf6 2.c4 g6 3.Nc3 Bg7 4.e4 d6 5.f3 O-O 6.Be3 Nc6 7.Nge2 a6 8.a3 Bd7
9.b4 e5 10.d5 Ne7 11.Nc1 Nh5 12.Nb3 f5 13.Qd2 Kh8 14.O-O-O Ng8 15.Bd3 Ngf6
16.Kb1 fxe4 17.Bxe4 Nxe4 18.fxe4 Qh4 19.Rdf1 Kg8 20.h3 b6 21.Ka2 Qg3 22.Rfg1 Rf7
23.Nc1  0-1

[Event "World op"]
[Site "Philadelphia"]
[Date "1989.??.??"]
[Round "2"]
[White "Silman, Jeremy D"]
[Black "Browne, Walter S"]
[Result "0-1"]
[WhiteElo "2410"]
[BlackElo "2535"]

1.d4 Nf6 2.c4 e6 3.Nc3 Bb4 4.Qc2 O-O 5.a3 Bxc3+ 6.Qxc3 b6 7.b4 a5 8.Bb2 axb4
9.axb4 Ne4 10.Qb3 Rxa1+ 11.Bxa1 c5 12.b5 d6 13.Nf3 cxd4 14.Bxd4 Nd7 15.e3 e5
16.Bb2 Ndc5 17.Qb4 Bg4 18.Be2 Bxf3 19.gxf3 Ng5 20.Qd2 Qa8 21.O-O Nxf3+ 22.Bxf3 Qxf3
23.Qxd6 Qg4+ 24.Kh1 Qe2 25.Kg1 Qxb2 26.Qxb6 Qb4  0-1

[Event "San Mateo rapid"]
[Site "San Mateo"]
[Date "1989.??.??"]
[Round "?"]
[White "Valvo, Michael J"]
[Black "Browne, Walter S"]
[Result "0-1"]
[WhiteElo "2385"]
[BlackElo "2535"]

1.e4 c5 2.Nf3 d6 3.d4 cxd4 4.Nxd4 Nf6 5.Nc3 a6 6.Bc4 e6 7.Bb3 b5 8.O-O Be7
9.Be3 O-O 10.f4 b4 11.Na4 Nxe4 12.f5  0-1

[Event "San Mateo rapid"]
[Site "San Mateo"]
[Date "1989.??.??"]
[Round "?"]
[White "Gulko, Boris F"]
[Black "Browne, Walter S"]
[Result "1-0"]
[WhiteElo "2610"]
[BlackElo "2535"]

1.Nf3 c5 2.b3 Nf6 3.Bb2 e6 4.c4 b6 5.g3 Bb7 6.Bg2 Be7 7.O-O O-O 8.e3 d5 9.Qc2 Nc6
10.Rd1 dxc4 11.bxc4 Qc7 12.Nc3 Rac8 13.Rac1 a6 14.Ba1 Rfd8 15.Rb1 Rb8 16.d3 Nd7
17.h3 Nce5 18.Nxe5 Nxe5 19.f4 Bxg2 20.Kxg2 Nc6 21.g4 Rd7 22.a3 Na5  1-0

[Event "World op"]
[Site "Philadelphia"]
[Date "1990.??.??"]
[Round "1"]
[White "Levitt, Jonathan"]
[Black "Browne, Walter S"]
[Result "0-1"]
[WhiteElo "2465"]
[BlackElo "2560"]

1.d4 Nf6 2.c4 e6 3.Nc3 Bb4 4.Qc2 O-O 5.Nf3 c5 6.dxc5 Na6 7.a3 Bxc3+ 8.Qxc3 Nxc5
9.g3 b6 10.Bg2 Ba6 11.Nd2 Rc8 12.b4 Na4 13.Qb3 b5 14.O-O d6 15.Bf3 Qd7 16.cxb5 Bxb5
17.Bb2 e5 18.Rfd1 Qf5 19.e4 Qe6 20.Rab1 Qxb3 21.Nxb3 Nc3 22.Bxc3 Rxc3 23.Nd2 Rfc8
24.Kg2 Rxa3 25.Ra1 Rxa1 26.Rxa1 a6 27.Nf1 Kf8 28.Ne3 g6 29.g4 h6 30.h4 Bd3
31.Ra3 Bb5 32.Kg3 Rc1 33.Ra2 Rg1+ 34.Kh3 Rb1 35.Rd2 Ne8 36.Nd5 Bc4 37.Be2 Bxd5
38.exd5 Nc7 39.Rc2 Nxd5 40.Bxa6 Rxb4 41.Rc8+ Kg7 42.Rd8 Nf4+ 43.Kh2 Ne6 44.Rxd6 Rxg4  0-1